Missing Word: Elizabeth Banks Movies Quiz Stats

 Plays Quiz Updated Feb 1, 2019

Support Sporcle.
Go Orange.
Score 0/20 Timer 03:00
0 Plays Today
Elizabeth Banks Movie Answer % Correct
The Hunger _____Games
98.4%
The 40 Year-Old ______Virgin
96.9%
_____ Me If You CanCatch
95.4%
Pitch ______Perfect
86.5%
Magic ____ XXLMike
84.1%
Zack and Miri Make a _____Porno
77.9%
__________, MaybeDefinitely
63.8%
___ Idiot BrotherOur
63.7%
____ RangersPower
59%
Walk of _____Shame
57%
Elizabeth Banks Movie Answer % Correct
Role ______Models
54.2%
The Next Three ____Days
52.3%
___ on a LedgeMan
50.4%
____ ClausFred
41.4%
The Happytime _______Murders
35.4%
______-ManSpider
32.3%
______ Like UsPeople
27.2%
______ AccidentsLittle
8.3%
____ BillMeet
6.8%
Daltry _______Calhoun
6.3%

Today's Daily Dose

You're not logged in!

Compare scores with friends on all Sporcle quizzes.
OR
Log In
Forgot?

From the Vault

NBA MVP Voting (2010s)

by Joshie_the_great

Sports 10m
The voting has already happened, so you don't really get to sway it, sorry.
Remove Ads.
Support Sporcle.
Get the best of Sporcle when you Go Orange. This ad-free experience offers more features, more stats, and more fun while also helping to support Sporcle. Thank you for becoming a member.

Show Comments

Extras

Top Quizzes Today


Score Distribution

Your Account Isn't Verified!

In order to create a playlist on Sporcle, you need to verify the email address you used during registration. Go to your Sporcle Settings to finish the process.

Report this User

Report this user for behavior that violates our Community Guidelines.

Details: